Regionálna spolupráca medzi Ruskou federáciou a Európskou úniou

Charakteristika Ruskej federácie, federálne usporiadanie Ruskej federácie. RF ako významný euroázijský ekonomický komplex svetového hospodárstva. Nová regionálna politika RF. Ruská federácia a Európska únia, spolupráca. Spolupráca energetická.

Salvato in:
Dettagli Bibliografici
Autore principale: Rosenberg, Miloslav
Natura: Capitolo di libro
Lingua:slovacco
Soggetti:
Tags: Aggiungi Tag
Nessun Tag, puoi essere il primo ad aggiungerne!!

MARC

LEADER 00000naa$a2200000$$$4500
001 0098113
005 20240502072102.0
041 0 |a slo 
044 |a SK 
245 1 0 |a Regionálna spolupráca medzi Ruskou federáciou a Európskou úniou  |c Miloslav Rosenberg 
520 |a Charakteristika Ruskej federácie, federálne usporiadanie Ruskej federácie. RF ako významný euroázijský ekonomický komplex svetového hospodárstva. Nová regionálna politika RF. Ruská federácia a Európska únia, spolupráca. Spolupráca energetická. 
610 2 0 |a Rusko 
610 2 0 |a Európska únia 
610 2 0 |a spolupráca hospodárska medzinárodná 
610 2 0 |a spolupráca regionálna 
610 2 0 |a energetika 
100 1 |a Rosenberg, Miloslav